MARC

LEADER 00000nam0a2200000 4500
001 331775
005 20231102004405.0
035 |a (RuTPU)RU\TPU\book\357634 
090 |a 331775 
100 |a 20170504d1967 km y0rusy50 ca 
101 0 |a rus 
102 |a RU 
105 |a a z 001zy 
200 1 |a Железобетонные детали машин  |f А. И. Дрыга [и др.] 
210 |a Москва  |c Машиностроение  |d 1967 
215 |a 211 с.  |c ил. 
320 |a Библиогр.: с. 207-209 
606 1 |a Детали машин железобетонные  |x Производство  |2 stltpush  |3 (RuTPU)RU\TPU\subj\9252  |9 36528 
610 1 |a железобетонные изделия 
610 1 |a расчет 
610 1 |a конструирование 
610 1 |a проектирование 
610 1 |a исследование 
610 1 |a типы 
610 1 |a изготовление 
610 1 |a экономика 
610 1 |a применение 
610 1 |a машиностроение 
675 |a 621.81-033.3  |v 4 
701 1 |a Дрыга  |b А. И.  |g Александр Иосифович 
701 1 |a Бабаш  |b В. Г.  |g Владимир Григорьевич 
701 1 |a Пунтус  |b А. И.  |g Андрей Иванович 
701 1 |a Большаков  |b М. М.  |g Михаил Михайлович 
801 1 |a RU  |b 63413507  |c 20170504 
801 2 |a RU  |b 63413507  |c 20170505  |g RCR 
942 |c BK